French Verbs - 35 Verbs Translate to English - Statistics

General Stats
  • This quiz has been taken 47 times
  • The average score is 28 of 35
Answer Stats
Verb Translation % Correct
Faire To Do / To Make
95%
Aider To Help
95%
Aimer To Like
95%
Manger To Eat
93%
Aller To Go
93%
Jouer To Play
93%
Comprendre To Understand
93%
Demander To Ask
90%
Boire To Drink
90%
Entrer To Enter
90%
Dormir To Sleep
90%
Parler To Talk / To Speak
90%
Être To Be
88%
Choisir To Choose
88%
Lire To Read
88%
Avoir To Have
85%
Passer To Pass / To Spend Time
83%
Voir To See
83%
Vouloir To Want
83%
Dire To Say / To Tell
80%
Trouver To Find
78%
Savoir To Know
78%
Prendre To Take
78%
Pouvior To be able to / Can
75%
Descendre To Descend / To go down
75%
Donner To Give
75%
Ouvrir To Open
75%
Croire To Believe
73%
Porter To Wear / To Carry
73%
Venir To come
70%
Mettre To Put
70%
Rire To Laugh
68%
Rester To Stay
68%
Entendre To Hear
65%
Monter To Ascend / To go up
48%
No matching quizzes found
Score Distribution
Percent of People with Each Score
Percentile by Number Answered
Your Score History
You have not taken this quiz